书目信息 |
| 题名: |
莱布尼茨读本
|
|
| 作者: | 陈乐民 编著 | |
| 分册: | ||
| 出版信息: | 南京 江苏教育出版社 2006 |
|
| 页数: | 306页 | |
| 开本: | 22cm | |
| 丛书名: | 西方杰出思想家读本系列 | |
| 单 册: | ||
| 中图分类: | B516.22 | |
| 科图分类: | ||
| 主题词: | 哲学思想 | |
| 电子资源: | ||
| ISBN: | 7-5343-7064-7 | |
| 000 | 00888oam2 2200277 450 | |
| 001 | 010040032341 | |
| 005 | 20061115160128.45 | |
| 010 | @a7-5343-7064-7@dCNY27.00 | |
| 100 | @a20060318d2006 em y0chiy0110 ea | |
| 101 | 0 | @achi |
| 102 | @aCN@b320000 | |
| 105 | @ay z 000yy | |
| 200 | 1 | @a莱布尼茨读本@9lai bu ni ci du ben@f陈乐民编著 |
| 210 | @a南京@c江苏教育出版社@d2006 | |
| 215 | @a306页@d22cm | |
| 225 | 2 | @a西方杰出思想家读本系列 |
| 330 | @a本书主要集中了莱布尼茨哲学的主要论述,包括“单子论”体系、自然哲学、认识论、对中国的认识四部分。 | |
| 461 | 0 | @12001 @a西方杰出思想家读本系列 |
| 510 | 1 | @aLeibniz reader@zeng |
| 600 | 1 | @a莱布尼茨@bG.W.@f1664~1716@x哲学思想@x研究 |
| 600 | 1 | @a莱布尼茨@bG.W.@f1664~1716 |
| 606 | 0 | @a哲学思想 |
| 690 | @aB516.22@v4 | |
| 701 | 0 | @a陈乐民@9chen le min@4编著 |
| 801 | 0 | @aCN@bRENTIAN@c20061115 |
| 905 | @a10447@dB516.22@e105 | |
| 莱布尼茨读本/陈乐民编著.-南京:江苏教育出版社,2006 |
| 306页;22cm.-(西方杰出思想家读本系列) |
| ISBN 7-5343-7064-7:CNY27.00 |
| 本书主要集中了莱布尼茨哲学的主要论述,包括“单子论”体系、自然哲学、认识论、对中国的认识四部分。 |
| ● |
| 相关链接 |
|
|
|
|
正题名:莱布尼茨读本
索取号:B516.22/105
 
预约/预借
| 序号 | 登录号 | 条形码 | 馆藏地/架位号 | 状态 | 备注 |
| 1 | 0391114 | 203911142 | 第一样本阅览室/ [索取号:B516.22/105] | 在馆 | |
| 2 | 0391115 | 203911151 | 第一借阅区/ [索取号:B516.22/105] | 在馆 | |
| 3 | 0391116 | 203911160 | 第一借阅区/ [索取号:B516.22/105] | 在馆 | |
| 4 | 0391117 | 203911179 | 第一借阅区/ [索取号:B516.22/105] | 在馆 | |
| 5 | 0391118 | 203911188 | 教育系资料室/ [索取号:B516.22/105] | 在馆 |